| 000 -LEADER |
| fixed length control field |
01712cam a22004457a 4500 |
| 001 - CONTROL NUMBER |
| control field |
8330603 |
| 003 - CONTROL NUMBER IDENTIFIER |
| control field |
LIBRIS |
| 005 - DATE AND TIME OF LATEST TRANSACTION |
| control field |
20241031072628.0 |
| 008 - FIXED-LENGTH DATA ELEMENTS--GENERAL INFORMATION |
| fixed length control field |
020113s1995 xxk|||||||||||000 0|eng|c |
| 020 ## - INTERNATIONAL STANDARD BOOK NUMBER |
| International Standard Book Number |
1855217554 |
| Qualifying information |
INB. |
| Terms of availability |
�39.50 : CIP entry (Aug.) |
| 020 ## - INTERNATIONAL STANDARD BOOK NUMBER |
| International Standard Book Number |
1855217627 |
| Qualifying information |
hft. |
| 020 ## - INTERNATIONAL STANDARD BOOK NUMBER |
| International Standard Book Number |
9282745732 |
| 040 ## - CATALOGING SOURCE |
| Original cataloging agency |
C |
| Description conventions |
a |
| Transcribing agency |
DLC |
| 041 ## - LANGUAGE CODE |
| Language code of text/sound track or separate title |
eng |
| 080 ## - UNIVERSAL DECIMAL CLASSIFICATION NUMBER |
| Universal Decimal Classification number |
614 |
| Item number |
C-55 |
| 082 04 - DEWEY DECIMAL CLASSIFICATION NUMBER |
| Classification number |
362.1094 |
| Edition number |
20 |
| 082 04 - DEWEY DECIMAL CLASSIFICATION NUMBER |
| Classification number |
362.1094 |
| Edition number |
20 |
| 084 ## - OTHER CLASSIFICATION NUMBER |
| Classification number |
Vp |
| Number source |
kssb/8 (machine generated) |
| 084 ## - OTHER CLASSIFICATION NUMBER |
| Classification number |
Vp |
| Number source |
kssb/6 |
| 245 10 - TITLE STATEMENT |
| Title |
Choices in health policy : |
| Remainder of title |
an agenda for the European Union / |
| Statement of responsibility, etc. |
Brian Abel-Smith .. |
| 260 ## - PUBLICATION, DISTRIBUTION, ETC. |
| Place of publication, distribution, etc. |
Aldershot : |
| Name of publisher, distributor, etc. |
Dartmouth, |
| Date of publication, distribution, etc. |
cop. 1995 |
| 300 ## - PHYSICAL DESCRIPTION |
| Extent |
xxii, 177 s. |
| Other physical details |
diagr., tab. |
| Dimensions |
22 cm |
| 490 1# - SERIES STATEMENT |
| Series statement |
European political economy series, |
| International Standard Serial Number |
99-2246352-0 |
| 650 #2 - SUBJECT ADDED ENTRY--TOPICAL TERM |
| Topical term or geographic name entry element |
Health planning: Europe |
| 650 #2 - SUBJECT ADDED ENTRY--TOPICAL TERM |
| Topical term or geographic name entry element |
Health policy |
| 650 #2 - SUBJECT ADDED ENTRY--TOPICAL TERM |
| Topical term or geographic name entry element |
Health planning: Europe |
| 650 #2 - SUBJECT ADDED ENTRY--TOPICAL TERM |
| Topical term or geographic name entry element |
Health policy: Europe |
| 651 #2 - SUBJECT ADDED ENTRY--GEOGRAPHIC NAME |
| Geographic name |
European union |
| 653 ## - INDEX TERM--UNCONTROLLED |
| Uncontrolled term |
ჯანდაცვა |
| 653 ## - INDEX TERM--UNCONTROLLED |
| Uncontrolled term |
ჯანდაცვის პოლიტიკა |
| 653 ## - INDEX TERM--UNCONTROLLED |
| Uncontrolled term |
სოციალური კეთილდღეობა |
| 700 1# - ADDED ENTRY--PERSONAL NAME |
| Personal name |
Abel-Smith, Brian, |
| Dates associated with a name |
1926-1996 |
| Relationship |
oth |
| Authority record control number or standard number |
https://libris.kb.se/fcrvzk7z5v4sbvt#it |
| 830 #0 - SERIES ADDED ENTRY--UNIFORM TITLE |
| Uniform title |
European political economy series, |
| International Standard Serial Number |
99-2246352-0 |
| 887 ## - NON-MARC INFORMATION FIELD |
| Content of non-MARC field |
{"@id":"fxqmp9zr0xggqlr","modified":"2007-03-01T17:00:27+01:00","checksum":"55003341034"} |
| Source of data |
librisxl |
| 887 ## - NON-MARC INFORMATION FIELD |
| Content of non-MARC field |
{"@id":"pt0n87xv09vn4w7","modified":"2009-05-07T17:12:41+02:00","checksum":"63526017016"} |
| Source of data |
librisxl |
| 900 1s - EQUIVALENCE OR CROSS-REFERENCE-PERSONAL NAME [LOCAL, CANADA] |
| Linkage |
700 |
| Dates associated with a name |
1926-1996 |
| Affiliation |
Abel-Smith, Brian, |
| Dates associated with a name |
1926-1996 |
| 942 ## - ADDED ENTRY ELEMENTS (KOHA) |
| Source of classification or shelving scheme |
|
| Koha item type |
Books |